|
|
|
|
| LEADER |
00000nam a2200000 a 4500 |
| 001 |
UCU7085 |
| 003 |
CL-VaPUC |
| 008 |
960628e19680000SP |||||||||||||||||spa|d |
| 082 |
0 |
4 |
|a 698.1
|b CUS
|2 21
|
| 100 |
0 |
|
|a Cusa Ramos, Juan de
|e author
|9 365606
|
| 245 |
1 |
3 |
|a La pintura en la construcción
|
| 250 |
|
|
|a 6a. ed
|
| 300 |
|
|
|a 198 p
|
| 942 |
|
|
|c BK
|
| 945 |
|
|
|d 19960628 00:00:00
|a cmena
|
| 260 |
|
|
|a Barcelona
|b CEAC
|c 1968
|
| 650 |
|
0 |
|a Construcción
|9 260195
|
| 650 |
|
7 |
|a PINTURAS Y BARNICES
|2 CL-VaPUC
|9 339658
|
| 650 |
|
0 |
|a Materiales de recubrimiento
|9 365499
|
| 650 |
|
7 |
|a PRODUCTOS QUIMICOS PARA EL HOGAR
|2 CL-VaPUC
|9 365585
|
| 650 |
|
0 |
|a Vivienda
|9 258662
|
| 650 |
|
0 |
|a Tecnología química
|9 263002
|
| 650 |
|
7 |
|a RECUBRIMIENTOS DECORATIVOS
|2 CL-VaPUC
|9 365586
|
| 583 |
|
|
|a last modification
|c 19960628 00:00:00
|k Rodrigo Vera
|
| 999 |
|
|
|c 249789
|d 249787
|
| 952 |
|
|
|0 0
|1 0
|4 0
|6 698_100000000000000_CUS_1968
|7 0
|8 A
|9 267297
|a BIBING
|b BIBING
|d 2019-11-19
|i 1697633
|o 698.1 CUS 1968
|p 1697633
|r 2023-03-02
|w 2019-11-19
|y BK
|k CCL
|